MARC details
| 000 -LEADER |
| fixed length control field |
03194cam a22006134i 4500 |
| 001 - CONTROL NUMBER |
| control field |
sjds646111871 |
| 003 - CONTROL NUMBER IDENTIFIER |
| control field |
sjds |
| 005 - DATE AND TIME OF LATEST TRANSACTION |
| control field |
20240626193616.0 |
| 008 - FIXED-LENGTH DATA ELEMENTS--GENERAL INFORMATION |
| fixed length control field |
101005s2011 nyuab j b 000 0beng |
| 010 ## - LIBRARY OF CONGRESS CONTROL NUMBER |
| LC control number |
2010041738 |
| 020 ## - INTERNATIONAL STANDARD BOOK NUMBER |
| International Standard Book Number |
9780448455853 |
| Qualifying information |
(pbk.) |
| 020 ## - INTERNATIONAL STANDARD BOOK NUMBER |
| International Standard Book Number |
0448455854 |
| Qualifying information |
(pbk.) |
| 020 ## - INTERNATIONAL STANDARD BOOK NUMBER |
| International Standard Book Number |
9781448794263 |
| Qualifying information |
(Paw Prints) |
| 020 ## - INTERNATIONAL STANDARD BOOK NUMBER |
| International Standard Book Number |
1448794269 |
| Qualifying information |
(Paw Prints) |
| 020 ## - INTERNATIONAL STANDARD BOOK NUMBER |
| International Standard Book Number |
9780606319249 |
| Qualifying information |
(Turtleback) |
| 020 ## - INTERNATIONAL STANDARD BOOK NUMBER |
| International Standard Book Number |
0606319247 |
| Qualifying information |
(Turtleback) |
| 020 ## - INTERNATIONAL STANDARD BOOK NUMBER |
| International Standard Book Number |
9780329862800 |
| 020 ## - INTERNATIONAL STANDARD BOOK NUMBER |
| International Standard Book Number |
0329862804 |
| 040 ## - CATALOGING SOURCE |
| Original cataloging agency |
DLC |
| Language of cataloging |
eng |
| Description conventions |
rda |
| Transcribing agency |
DLC |
| Modifying agency |
BTCTA |
| -- |
BIB |
| -- |
MLY |
| -- |
B@L |
| -- |
CGB |
| -- |
BDX |
| -- |
OCLCO |
| -- |
MNW |
| -- |
YDXCP |
| -- |
OCLCF |
| -- |
OCLCO |
| -- |
IBI |
| -- |
IH7 |
| -- |
OCLCQ |
| -- |
OCLCO |
| -- |
OCLCQ |
| -- |
OCLCO |
| -- |
OCL |
| -- |
FEM |
| -- |
OCLCO |
| -- |
CNGUL |
| -- |
IGA |
| -- |
BDGCL |
| -- |
SINLB |
| -- |
TOP |
| -- |
OCLCO |
| -- |
OCL |
| -- |
WYZ |
| -- |
BYV |
| -- |
OCLCQ |
| -- |
AL5MG |
| -- |
OCLCO |
| -- |
GRC |
| -- |
OCLCQ |
| -- |
OCLCO |
| -- |
VBO |
| -- |
KJ6 |
| -- |
OCLCQ |
| -- |
CNO |
| -- |
OCLCQ |
| -- |
OCLCO |
| -- |
CRSBY |
| -- |
OCLCQ |
| -- |
OCLCO |
| -- |
KOTUI |
| -- |
LE7 |
| -- |
OCLCO |
| -- |
UU4 |
| -- |
LD5 |
| -- |
TM8 |
| -- |
OCLCO |
| -- |
TL4 |
| -- |
JO7 |
| -- |
JZ6 |
| -- |
OCLCO |
| -- |
ALOPL |
| -- |
OCLCQ |
| -- |
OCLCO |
| -- |
OCL |
| -- |
OCLCA |
| -- |
OCLCQ |
| -- |
OCLCO |
| -- |
ILC |
| 043 ## - GEOGRAPHIC AREA CODE |
| Geographic area code |
n-us--- |
| 050 00 - LIBRARY OF CONGRESS CALL NUMBER |
| Classification number |
PS3513.E2 |
| Item number |
Z793 2011 |
| 082 00 - DEWEY DECIMAL CLASSIFICATION NUMBER |
| Classification number |
813/.52 |
| -- |
B |
| Edition number |
22 |
| 092 ## - LOCALLY ASSIGNED DEWEY CALL NUMBER (OCLC) |
| Classification number |
JB SEUSS |
| 100 1# - MAIN ENTRY--PERSONAL NAME |
| Personal name |
Pascal, Janet B. |
| 245 10 - TITLE STATEMENT |
| Title |
Who was Dr. Seuss? / |
| Statement of responsibility, etc. |
by Janet B. Pascal ; illustrated by Nancy Harrison. |
| 246 30 - VARYING FORM OF TITLE |
| Title proper/short title |
Dr. Seuss. |
| 260 ## - PUBLICATION, DISTRIBUTION, ETC. (IMPRINT) |
| Place of publication, distribution, etc. |
New York, N.Y. : |
| Name of publisher, distributor, etc. |
Grosset & Dunlap, |
| Date of publication, distribution, etc. |
[2011] |
| 264 #1 - PRODUCTION, PUBLICATION, DISTRIBUTION, MANUFACTURE, AND COPYRIGHT NOTICE |
| Place of production, publication, distribution, manufacture |
New York, N.Y. : |
| Name of producer, publisher, distributor, manufacturer |
Grosset & Dunlap, |
| Date of production, publication, distribution, manufacture, or copyright notice |
[2011] |
| 300 ## - PHYSICAL DESCRIPTION |
| Extent |
103 pages : |
| Other physical details |
illustrations, maps ; |
| Dimensions |
20 cm. |
| 336 ## - CONTENT TYPE |
| Content type term |
text |
| Content type code |
txt |
| Source |
rdacontent. |
| 337 ## - MEDIA TYPE |
| Media type term |
unmediated |
| Media type code |
n |
| Source |
rdamedia. |
| 338 ## - CARRIER TYPE |
| Carrier type term |
volume |
| Carrier type code |
nc |
| Source |
rdacarrier. |
| 490 1# - SERIES STATEMENT |
| Series statement |
Who was ...? |
| 504 ## - BIBLIOGRAPHY, ETC. NOTE |
| Bibliography, etc |
Includes bibliographical references (page [105]). |
| 505 0# - FORMATTED CONTENTS NOTE |
| Formatted contents note |
Who was Dr. Seuss? -- Goofy machines -- A very fine flying cow -- Boids and beasties -- What I saw on Mulberry Street -- An elephant up a tree -- Private SNAFU -- A moose, a nerd, and the Whos -- 'The Cat in the Hat' arrives -- Grinches and turtles and sneetches -- I speak for the trees -- 'Oh, the Places You'll Go!' -- Timelines -- Bibliography. |
| 520 ## - SUMMARY, ETC. |
| Summary, etc. |
Ted Geisel loved to doodle from the time he was a kid. He had an offbeat, fun-loving personality. He often threw dinner parties where guests wore outrageous hats! And he donned quirky hats when thinking up ideas for books like his classic The Cat in the Hat. This biography, with black-and-white illustrations throughout, brings an amazingly gifted author/illustrator to life. |
| 526 0# - STUDY PROGRAM INFORMATION NOTE |
| Program name |
Accelerated Reader AR |
| Interest level |
MG |
| Reading level |
5.3 |
| Title point value |
1.0 |
| Public note |
145570. |
| 526 0# - STUDY PROGRAM INFORMATION NOTE |
| Program name |
Accelerated Reader |
| Reading level |
5.3. |
| 526 0# - STUDY PROGRAM INFORMATION NOTE |
| Program name |
Accelerated Reader AR |
| Reading level |
5.3 |
| Title point value |
1.0 |
| Public note |
145570. |
| Institution to which field applies |
MCPL. |
| 526 0# - STUDY PROGRAM INFORMATION NOTE |
| Program name |
Reading Counts RC |
| Interest level |
3-5 |
| Reading level |
5.4 |
| Title point value |
4 |
| Public note |
Quiz: 57016 |
| -- |
Guided reading level: P. |
| 600 10 - SUBJECT ADDED ENTRY--PERSONAL NAME |
| Personal name |
Seuss, |
| Titles and other words associated with a name |
Dr. |
| Form subdivision |
Juvenile literature. |
| 600 01 - SUBJECT ADDED ENTRY--PERSONAL NAME |
| Personal name |
Seuss, |
| Titles and other words associated with a name |
Dr. |
| 650 #0 - SUBJECT ADDED ENTRY--TOPICAL TERM |
| Topical term or geographic name as entry element |
Authors, American |
| Chronological subdivision |
20th century |
| Form subdivision |
Biography |
| -- |
Juvenile literature. |
| 650 #0 - SUBJECT ADDED ENTRY--TOPICAL TERM |
| Topical term or geographic name as entry element |
Illustrators |
| Geographic subdivision |
United States |
| Form subdivision |
Biography |
| -- |
Juvenile literature. |
| 650 #0 - SUBJECT ADDED ENTRY--TOPICAL TERM |
| Topical term or geographic name as entry element |
Children's literature |
| General subdivision |
Authorship |
| Form subdivision |
Juvenile literature. |
| 650 #1 - SUBJECT ADDED ENTRY--TOPICAL TERM |
| Topical term or geographic name as entry element |
Authors, American. |
| 650 #1 - SUBJECT ADDED ENTRY--TOPICAL TERM |
| Topical term or geographic name as entry element |
Illustrators. |
| 650 #1 - SUBJECT ADDED ENTRY--TOPICAL TERM |
| Topical term or geographic name as entry element |
Children's literature |
| General subdivision |
Authorship. |
| 655 #4 - INDEX TERM--GENRE/FORM |
| Genre/form data or focus term |
Children's nonfiction. |
| Institution to which field applies |
NZ-WeK. |
| 655 #7 - INDEX TERM--GENRE/FORM |
| Genre/form data or focus term |
Biographies. |
| Source of term |
lcgft. |
| 700 1# - ADDED ENTRY--PERSONAL NAME |
| Personal name |
Harrison, Nancy, |
| Dates associated with a name |
1963- |
| 830 #0 - SERIES ADDED ENTRY--UNIFORM TITLE |
| Uniform title |
Who was-- . |
| 942 ## - ADDED ENTRY ELEMENTS (KOHA) |
| Koha item type |
Libro/Book |